ბათუმის შოთა რუსთაველის სახელმწიფო უნივერსიტეტის ბიბლიოთეკა

Kidney Transplantation: (ბიბ.ჩანაწერი № 62318)

000 -LEADER
fixed length control field 00941nam a22002297a 4500
005 - DATE AND TIME OF LATEST TRANSACTION
control field 20240925152235.0
008 - FIXED-LENGTH DATA ELEMENTS--GENERAL INFORMATION
fixed length control field 240925s2020 enk||||| |||| 00| 0 eng d
020 ## - INTERNATIONAL STANDARD BOOK NUMBER
International Standard Book Number 9780323531863x
041 ## - LANGUAGE CODE
Language code of text/sound track or separate title eng
080 ## - UNIVERSAL DECIMAL CLASSIFICATION NUMBER
Universal Decimal Classification number 617 K-43
245 ## - TITLE STATEMENT
Title Kidney Transplantation:
Remainder of title Principles and Practice /
Statement of responsibility, etc. Editor Peter J. Morris, Stuart J. Knechtle, Lorna P. Marson.
250 ## - EDITION STATEMENT
Edition statement 8th Edition
264 ## - PRODUCTION, PUBLICATION, DISTRIBUTION, MANUFACTURE, AND COPYRIGHT NOTICE
Place of production, publication, distribution, manufacture Philadelphia:
Name of producer, publisher, distributor, manufacturer Elsevier,
Date of production, publication, distribution, manufacture, or copyright notice 2020.
300 ## - PHYSICAL DESCRIPTION
Extent 768 p.:
Other physical details ill.;
Dimensions 28 cm.
653 ## - INDEX TERM--UNCONTROLLED
keyword თირკმლის ტრანსპლანტაცია - პრინციპები და პრაქტიკა
653 ## - INDEX TERM--UNCONTROLLED
keyword მედიცინა
653 ## - INDEX TERM--UNCONTROLLED
keyword უროლოგია
700 ## - ADDED ENTRY--PERSONAL NAME
Personal name Morris, Peter J.
Relator term რედაქტორი
9 (RLIN) 23281
700 ## - ADDED ENTRY--PERSONAL NAME
Personal name Knechtle, Stuart J.
Relator term რედაქტორი
9 (RLIN) 23286
700 ## - ADDED ENTRY--PERSONAL NAME
Personal name Marson, Lorna P.
Relator term რედაქტორი
9 (RLIN) 23287
942 ## - ADDED ENTRY ELEMENTS (KOHA)
Source of classification or shelving scheme
Koha item type წიგნი
ეგზემპლარები
Withdrawn status Lost status Source of classification or shelving scheme Damaged status Not for loan Permanent Location Current Location Shelving location Date acquired Cost, normal purchase price Full call number Barcode Date last seen Copy number Price effective from Koha item type Public note
          ბათუმის შოთა რუსთაველის სახელმწიფო უნივერსიტეტის მთავარი ბიბლიოთეკა ბათუმის შოთა რუსთაველის სახელმწიფო უნივერსიტეტის მთავარი ბიბლიოთეკა წიგნსაცავი 2024-09-25 630.00 617 K-43 68939 2024-09-25 68939 2024-09-25 წიგნი 630 ლ.
          ბათუმის შოთა რუსთაველის სახელმწიფო უნივერსიტეტის მთავარი ბიბლიოთეკა ბათუმის შოთა რუსთაველის სახელმწიფო უნივერსიტეტის მთავარი ბიბლიოთეკა წიგნსაცავი 2024-09-25 630.00 617 K-43 68940 2024-09-25 68940 2024-09-25 წიგნი 630 ლ.